000 00332nam a2200133Ia 4500
008 231129s9999||||xx |||||||||||||| ||spa||
020 _a84-206-1806-3
040 _bspa
082 _a184 / G216e
100 _aGarcia Gual Carlos
245 0 _aEpicuro
264 _aAlianza
942 _2ddc
_cBKS
999 _c13225
_d13225